00538nam a2200145 a 450000100100000000500170001000800410002702000150006804000250008308200150010824500990012326000700022230000280029250000720032000000607720200929151922.0090826s2000 dr a r 000 0 spa d a9993425109 aDO-SdBNPbspacBNPHU axxxxbxxxx00aEducación dominicana y construcción del conocimiento /cJosé Luis Álvarez... [et al.]. aSanto Domingo :bInstituto Tecnológico de Santo Domingo,c2000. a275 p. :bil. ;c21 cm. aIncluye referencias bibliográficas y notas al pie de las págias